Premier League Spanish Best Scorer by Year - Statistics

General Stats
  • This quiz has been taken 886 times
    298 since last reset
  • The average score is 10 of 17
Answer Stats
Scorer % Correct
Fernando Torres
92%
Rodri
92%
Ferrán Torres
91%
David Silva
86%
Diego Costa
85%
Mikel Merino
84%
Álvaro Morata
61%
Juan Mata
57%
Rodrigo
56%
Michu
55%
Álvaro Negredo
54%
Ayoze Pérez
52%
Mikel Arteta
45%
José Antonio Reyes
40%
Luis García
39%
Iván Campo
15%
Nayim
4%
No matching quizzes found
Score Distribution
Percent of People with Each Score
Percentile by Number Answered
Your Score History
You have not taken this quiz since the last reset